[Event "Bundesliga 2022-23"]
[Site "Schoenaich GER"]
[Date "2023.02.26"]
[Round "9.2"]
[Board "8"]
[White "Kuznecovs, Nikita"]
[Black "Saric, Ante"]
[Result "0-1"]
[WhiteTitle "FM"]
[BlackTitle "GM"]
[WhiteElo "2301"]
[BlackElo "2510"]
[WhiteTeam "SV Deggendorf"]
[BlackTeam "TSV Schoenaich"]
[WhiteFideId "11604557"]
[BlackFideId "14506254"]
[EventDate "2022.10.22"]

1. Nf3 Nf6 2. g3 c5 3. Bg2 Nc6 4. O-O e5 5. e4 Be7 6. Re1 d6 7. c3 Bg4 8. h3 Bh5
9. d3 O-O 10. Na3 Ne8 11. Nc2 Nc7 12. g4 Bg6 13. d4 exd4 14. cxd4 d5 15. e5 Ne6
16. Ne3 Be4 17. Nf5 Bxf3 18. Qxf3 Nexd4 19. Nxd4 Nxd4 20. Qd3 Qa5 21. Bd2 Qb5
22. Qxb5 Nxb5 23. Rad1 Rad8 24. Bf4 Nc7 25. Bg3 g5 26. e6 Nxe6 27. Bxd5 b6 28.
Bxe6 Rxd1 29. Rxd1 fxe6 30. Rd7 Bf6 31. b3 Rf7 32. Rd6 Re7 33. Kg2 Kf7 34. Kf3
Rb7 35. Ke4 Be7 36. Rd3 Ke8 37. Re3 Bf6 38. Kd3 Ke7 39. a4 a6 40. Be5 Rd7+ 41.
Kc3 Rd4 42. a5 b5 43. Kc2 Bxe5 44. Rxe5 Rd5 45. Re3 h6 46. h4 h5 47. hxg5 hxg4
48. g6 Rg5 49. Rc3 Rf5 50. g7 Kf7 0-1

[Event "Bundesliga 2022-23"]
[Site "Kirchweyhe GER"]
[Date "2023.02.26"]
[Round "9.3"]
[Board "1"]
[White "McShane, Luke J"]
[Black "Bluebaum, Matthias"]
[Result "0-1"]
[WhiteTitle "GM"]
[BlackTitle "GM"]
[WhiteElo "2653"]
[BlackElo "2647"]
[WhiteTeam "SV Werder Bremen"]
[BlackTeam "Schachfreunde Deizisau"]
[WhiteFideId "404853"]
[BlackFideId "24651516"]
[EventDate "2022.10.22"]

1. e4 c6 2. d4 d5 3. exd5 cxd5 4. Bd3 Nf6 5. c3 Bg4 6. Ne2 e6 7. O-O Bd6 8. Qe1
Qc7 9. Ng3 Nh5 10. Nxh5 Bxh5 11. f4 O-O 12. Nd2 Bxf4 13. Nf3 Bxc1 14. Rxc1 Bxf3
15. Rxf3 Nc6 16. Qh4 f5 17. Re1 Rf6 18. g4 Rh6 19. Qg3 Qxg3+ 20. Rxg3 fxg4 21.
Rxg4 Rf6 22. h4 Raf8 23. h5 Rh6 24. Rg5 Rf4 25. Re3 Rhf6 26. Reg3 Rf7 27. Rg2
R4f6 28. a3 Rf3 29. Be2 Re3 30. Bg4 Kf8 0-1

[Event "Bundesliga 2022-23"]
[Site "Kirchweyhe GER"]
[Date "2023.02.26"]
[Round "9.3"]
[Board "2"]
[White "Kamsky, Gata"]
[Black "Fressinet, Laurent"]
[Result "1/2-1/2"]
[WhiteTitle "GM"]
[BlackTitle "GM"]
[WhiteElo "2666"]
[BlackElo "2622"]
[WhiteTeam "Schachfreunde Deizisau"]
[BlackTeam "SV Werder Bremen"]
[WhiteFideId "2000024"]
[BlackFideId "608742"]
[EventDate "2022.10.22"]

1. d4 d5 2. Nf3 Nf6 3. Bf4 Bf5 4. e3 e6 5. Bd3 Bd6 6. Bg5 Nbd7 7. O-O h6 8. Bxf6
Nxf6 9. c4 dxc4 10. Qa4+ Qd7 11. Qxc4 Bxd3 12. Qxd3 c5 13. Rd1 cxd4 14. Qxd4 Be7
15. Nc3 Qxd4 16. Nxd4 O-O 17. Rac1 Rac8 18. Kf1 Rfd8 19. Ke2 Kf8 20. Nb3 Rxd1
21. Nxd1 Rxc1 22. Nxc1 1/2-1/2

[Event "Bundesliga 2022-23"]
[Site "Kirchweyhe GER"]
[Date "2023.02.26"]
[Round "9.3"]
[Board "3"]
[White "Areshchenko, Alexander"]
[Black "Kollars, Dmitrij"]
[Result "1/2-1/2"]
[WhiteTitle "GM"]
[BlackTitle "GM"]
[WhiteElo "2632"]
[BlackElo "2612"]
[WhiteTeam "SV Werder Bremen"]
[BlackTeam "Schachfreunde Deizisau"]
[WhiteFideId "14109530"]
[BlackFideId "12909572"]
[EventDate "2022.10.22"]

1. e4 e5 2. Nf3 Nc6 3. Bb5 a6 4. Ba4 Nf6 5. O-O Nxe4 6. d4 b5 7. Bb3 d5 8. dxe5
Be6 9. Nbd2 Nc5 10. c3 Be7 11. Bc2 d4 12. Nb3 dxc3 13. Nxc5 Bxc5 14. Be4 Qd7 15.
bxc3 Rd8 16. Qc2 Bd5 17. Bf5 Be6 18. Be4 Bd5 19. a4 h6 20. axb5 axb5 21. Ba3 1/2-1/2

[Event "Bundesliga 2022-23"]
[Site "Kirchweyhe GER"]
[Date "2023.02.26"]
[Round "9.3"]
[Board "4"]
[White "Gupta, Abhijeet"]
[Black "Efimenko, Zahar"]
[Result "1-0"]
[WhiteTitle "GM"]
[BlackTitle "GM"]
[WhiteElo "2607"]
[BlackElo "2599"]
[WhiteTeam "Schachfreunde Deizisau"]
[BlackTeam "SV Werder Bremen"]
[WhiteFideId "5010608"]
[BlackFideId "14107201"]
[EventDate "2022.10.22"]

1. d4 d6 2. e4 g6 3. c4 Bg7 4. Nc3 c5 5. d5 Nf6 6. h3 O-O 7. Nf3 e6 8. Bd3 exd5
9. exd5 Re8+ 10. Be3 Nbd7 11. O-O Nh5 12. Qd2 f5 13. Rfe1 Ne5 14. Be2 f4 15.
Bxf4 Nxf4 16. Qxf4 Bf5 17. Qd2 a6 18. Ng5 Bh6 19. h4 Nf7 20. f4 Nxg5 21. hxg5
Bg7 22. Bd3 Qd7 23. Kh2 Bd4 24. g3 Rab8 25. a4 Bxc3 26. Qxc3 Bxd3 27. Qxd3 Rxe1
28. Rxe1 Re8 29. Re4 Kf7 30. Rxe8 Qxe8 31. Qc3 Qe2+ 32. Kg1 Qd1+ 33. Kf2 Qxa4
34. Qf6+ Kg8 35. Qd8+ Kf7 36. Qc7+ Kg8 37. Qc8+ Kg7 38. Qxb7+ Kg8 39. Qc8+ Kg7
40. Qc7+ Kg8 41. Qd8+ Kf7 42. Qf6+ Kg8 43. Qe6+ Kg7 44. Qe2 Qb3 45. Kg2 Kf8 46.
g4 Qb7 47. Kg3 Qg7 48. Qd2 a5 49. Kf3 a4 50. f5 gxf5 51. gxf5 Qe5 52. Qf4 Qxb2
53. Qxd6+ Kf7 54. Qd7+ Kf8 55. Qxa4 Qc3+ 56. Kg4 Qd4+ 57. Kh5 Qf4 58. Qa8+ Kf7
59. Qb7+ Kf8 60. Qc8+ Kf7 61. Qd7+ Kf8 62. Qd8+ 1-0

[Event "Bundesliga 2022-23"]
[Site "Kirchweyhe GER"]
[Date "2023.02.26"]
[Round "9.3"]
[Board "5"]
[White "Pruijssers, Roeland"]
[Black "Heimann, Andreas"]
[Result "1/2-1/2"]
[WhiteTitle "GM"]
[BlackTitle "GM"]
[WhiteElo "2555"]
[BlackElo "2573"]
[WhiteTeam "SV Werder Bremen"]
[BlackTeam "Schachfreunde Deizisau"]
[WhiteFideId "1013068"]
[BlackFideId "24624632"]
[EventDate "2022.10.22"]

1. d4 Nf6 2. c4 e6 3. Nf3 d5 4. Nc3 dxc4 5. e4 b5 6. e5 Nd5 7. Nxb5 Nb6 8. Be2
Nc6 9. O-O Be7 10. Be3 O-O 11. Nc3 Rb8 12. Qc2 Ba6 13. Rfd1 Nd5 14. Bd2 Ncb4 15.
Qe4 Kh8 16. h4 h6 17. Qg4 Nxc3 18. bxc3 Nd5 19. Qh5 Kg8 20. Qg4 Kh8 21. Qh5 Kg8
22. Qg4 1/2-1/2

[Event "Bundesliga 2022-23"]
[Site "Kirchweyhe GER"]
[Date "2023.02.26"]
[Round "9.3"]
[Board "6"]
[White "Kozul, Zdenko"]
[Black "Grigorian, Spartak"]
[Result "1-0"]
[WhiteTitle "GM"]
[BlackTitle "IM"]
[WhiteElo "2549"]
[BlackElo "2460"]
[WhiteTeam "Schachfreunde Deizisau"]
[BlackTeam "SV Werder Bremen"]
[WhiteFideId "14502879"]
[BlackFideId "24661490"]
[EventDate "2022.10.22"]

1. d4 Nf6 2. c4 e6 3. g3 d5 4. Bg2 Bb4+ 5. Bd2 Be7 6. Nf3 O-O 7. O-O Nbd7 8. Qc2
c6 9. Rd1 b6 10. cxd5 cxd5 11. Nc3 Bb7 12. a4 Rc8 13. Qb3 a6 14. Bf4 Nh5 15. Be3
Nhf6 16. Ne5 Nxe5 17. dxe5 Nd7 18. Bd4 Rc4 19. e4 Rxd4 20. Rxd4 Bc5 21. Rad1
Bxd4 22. Rxd4 Qc7 23. exd5 exd5 24. Nxd5 Bxd5 25. Qxd5 Nxe5 26. b3 Qc1+ 27. Bf1
Ng6 28. Kg2 a5 29. Bc4 Kh8 30. Qd6 f5 31. Bf7 Rxf7 32. Rc4 Qxc4 33. bxc4 Rf6 34.
Qc7 f4 35. h4 f3+ 36. Kh3 Kg8 37. c5 bxc5 38. Qxc5 Nf8 39. Qxa5 Ne6 40. Qd5 1-0

[Event "Bundesliga 2022-23"]
[Site "Kirchweyhe GER"]
[Date "2023.02.26"]
[Round "9.3"]
[Board "7"]
[White "Wachinger, Nikolas"]
[Black "Dautov, Rustem"]
[Result "1/2-1/2"]
[WhiteTitle "IM"]
[BlackTitle "GM"]
[WhiteElo "2432"]
[BlackElo "2592"]
[WhiteTeam "SV Werder Bremen"]
[BlackTeam "Schachfreunde Deizisau"]
[WhiteFideId "12962791"]
[BlackFideId "4623606"]
[EventDate "2022.10.22"]

1. e4 c6 2. Nf3 d5 3. Nc3 Bg4 4. h3 Bxf3 5. Qxf3 e6 6. d4 Nf6 7. Be2 dxe4 8. Qe3
Nbd7 9. O-O Bd6 10. Nxe4 Nxe4 11. Qxe4 Nf6 12. Qf3 O-O 13. Rd1 Qa5 14. a4 Rfd8
15. c3 a6 16. b4 Qd5 17. a5 h6 18. Rb1 e5 19. c4 Qxf3 20. Bxf3 exd4 21. Bb2 Bxb4
22. Bxd4 c5 23. Bxf6 gxf6 24. Bxb7 Rxd1+ 25. Rxd1 Ra7 26. Bc8 Ra8 27. Bb7 Ra7 1/2-1/2

[Event "Bundesliga 2022-23"]
[Site "Kirchweyhe GER"]
[Date "2023.02.26"]
[Round "9.3"]
[Board "8"]
[White "Kozak, Adam"]
[Black "Ewert, Hannes"]
[Result "1-0"]
[WhiteTitle "GM"]
[BlackTitle "FM"]
[WhiteElo "2516"]
[BlackElo "2292"]
[WhiteTeam "Schachfreunde Deizisau"]
[BlackTeam "SV Werder Bremen"]
[WhiteFideId "753246"]
[BlackFideId "12961574"]
[EventDate "2022.10.22"]

1. d4 Nf6 2. c4 e6 3. Nc3 Bb4 4. e3 O-O 5. Bd3 d5 6. a3 Bxc3+ 7. bxc3 c5 8. cxd5
exd5 9. Ne2 b6 10. O-O Ba6 11. dxc5 bxc5 12. Bxa6 Nxa6 13. c4 dxc4 14. Qa4 Nc7
15. Qxc4 Qd5 16. Qc2 Ne6 17. Rd1 Qg5 18. Bb2 Rab8 19. Ng3 Ng4 20. Rd2 Rfd8 21.
Rad1 Rxd2 22. Rxd2 Qh4 23. Nf1 Rd8 24. f3 Rxd2 25. Qxd2 Nf6 26. e4 Ne8 27. Qd7
Kf8 28. Qxa7 Qe1 29. Qb8 f6 30. Qb5 g5 31. Qc4 Nf4 32. Qxc5+ Kf7 33. Qc4+ Kg7
34. g3 Nh3+ 35. Kg2 g4 36. fxg4 Ng5 37. Qd3 Nxe4 38. Qe3 Qb1 39. Qe2 N8d6 40.
Ne3 Kf7 41. Nf5 Qa2 42. Kh3 Qd5 43. Nxd6+ Nxd6 44. Qf2 Ne4 45. Qf5 Ng5+ 46. Kh4
Qc6 47. Kh5 1-0

[Event "Bundesliga 2022-23"]
[Site "Kirchweyhe GER"]
[Date "2023.02.26"]
[Round "9.4"]
[Board "1"]
[White "Ivic, Velimir"]
[Black "Santos Latasa, Jaime"]
[Result "1/2-1/2"]
[WhiteTitle "GM"]
[BlackTitle "GM"]
[WhiteElo "2553"]
[BlackElo "2677"]
[WhiteTeam "SK Kirchweyhe"]
[BlackTeam "FC Bayern Muenchen"]
[WhiteFideId "950122"]
[BlackFideId "2293307"]
[EventDate "2022.10.22"]

1. d4 Nf6 2. c4 e6 3. Nf3 d5 4. Nc3 c6 5. e3 Nbd7 6. Qc2 Bd6 7. b3 O-O 8. Be2 b6
9. O-O Bb7 10. Bb2 Qe7 11. a4 a5 12. Rad1 Rad8 13. Bd3 h6 14. h3 Rfe8 15. Rfe1
Bb4 16. Re2 c5 17. cxd5 cxd4 18. Nxd4 Nxd5 19. Nxd5 Bxd5 20. Bh7+ Kh8 21. Be4
Bxe4 22. Qxe4 Nf6 23. Qb1 Qb7 24. Rc2 Bc5 25. Rcc1 Kg8 26. Nf3 Ne4 27. Qa1 Bf8
28. Bd4 f6 29. Qb1 e5 30. Bb2 Bb4 31. Rc4 1/2-1/2

[Event "Bundesliga 2022-23"]
[Site "Kirchweyhe GER"]
[Date "2023.02.26"]
[Round "9.4"]
[Board "2"]
[White "Alonso Rosell, Alvar"]
[Black "Brkic, Ante"]
[Result "1-0"]
[WhiteTitle "GM"]
[BlackTitle "GM"]
[WhiteElo "2563"]
[BlackElo "2602"]
[WhiteTeam "FC Bayern Muenchen"]
[BlackTeam "SK Kirchweyhe"]
[WhiteFideId "2270544"]
[BlackFideId "14506688"]
[EventDate "2022.10.22"]

1. d4 Nf6 2. c4 e6 3. Nf3 d5 4. g3 Bb4+ 5. Bd2 Be7 6. Bg2 O-O 7. O-O Nbd7 8. Bc3
b6 9. cxd5 exd5 10. Bd2 Bb7 11. Nc3 Re8 12. Bf4 Nh5 13. Be5 c6 14. Re1 Nf8 15.
e4 f6 16. g4 fxe5 17. gxh5 exd4 18. Nxd4 dxe4 19. Nxe4 Kh8 20. Nf5 Bb4 21. Qg4
Qc7 22. Re3 Bc8 23. h6 Bxf5 24. Qxf5 Re5 25. Qg4 Ng6 26. Rd1 Rd8 27. hxg7+ Kxg7
28. Red3 Rxd3 29. Rxd3 Re7 30. h4 Qf4 31. Qd1 Nxh4 32. Rg3+ Ng6 33. Qd4+ Re5 34.
Qxb4 c5 35. Qc4 h5 36. Rf3 b5 37. Qc2 Qh4 38. Rg3 c4 39. Qc3 Qf4 40. Qd4 h4 41.
Rf3 Qg4 42. Rf7+ 1-0

[Event "Bundesliga 2022-23"]
[Site "Kirchweyhe GER"]
[Date "2023.02.26"]
[Round "9.4"]
[Board "3"]
[White "Markus, Robert"]
[Black "Bischoff, Klaus"]
[Result "1/2-1/2"]
[WhiteTitle "GM"]
[BlackTitle "GM"]
[WhiteElo "2615"]
[BlackElo "2486"]
[WhiteTeam "SK Kirchweyhe"]
[BlackTeam "FC Bayern Muenchen"]
[WhiteFideId "921637"]
[BlackFideId "4600045"]
[EventDate "2022.10.22"]

1. d4 Nf6 2. c4 e6 3. Nf3 d5 4. e3 a6 5. b3 c5 6. Bb2 cxd4 7. Nxd4 Bb4+ 8. Bc3
Bxc3+ 9. Nxc3 dxc4 10. Bxc4 O-O 11. O-O Bd7 12. Qd2 Nc6 13. Nf3 Qe7 14. Rfd1
Rfd8 15. Qb2 Be8 16. Bd3 h6 17. a3 Rd6 18. Bc2 Rxd1+ 19. Rxd1 Rc8 20. Ne4 a5 21.
h3 Nd5 1/2-1/2

[Event "Bundesliga 2022-23"]
[Site "Kirchweyhe GER"]
[Date "2023.02.26"]
[Round "9.4"]
[Board "4"]
[White "Lokander, Martin"]
[Black "Stevic, Hrvoje"]
[Result "1/2-1/2"]
[WhiteTitle "IM"]
[BlackTitle "GM"]
[WhiteElo "2449"]
[BlackElo "2565"]
[WhiteTeam "FC Bayern Muenchen"]
[BlackTeam "SK Kirchweyhe"]
[WhiteFideId "1709569"]
[BlackFideId "14502569"]
[EventDate "2022.10.22"]

1. d4 d5 2. c4 dxc4 3. Nf3 Nf6 4. Nc3 a6 5. e4 b5 6. e5 Nd5 7. a4 e6 8. axb5 Nb6
9. Be3 axb5 10. Rxa8 Nxa8 11. Nxb5 Nb6 12. Be2 Be7 13. O-O O-O 14. Qc2 Nc6 15.
Qe4 Nb4 16. Qg4 f5 17. exf6 Bxf6 18. Ne5 Nc2 19. Qe4 Nxe3 20. Qxe3 Bb7 21. Bg4
Bd5 22. Re1 Re8 23. Nc3 Bxe5 24. Qxe5 Nd7 25. Qe2 Nf6 26. h3 Qa8 27. f4 Qc6 28.
Qf2 Rb8 29. Re5 Qb6 30. f5 Qxb2 31. Qxb2 Rxb2 32. fxe6 c6 33. e7 Kf7 34. Nxd5
cxd5 35. Bd7 Rb8 36. Ba4 1/2-1/2

[Event "Bundesliga 2022-23"]
[Site "Kirchweyhe GER"]
[Date "2023.02.26"]
[Round "9.4"]
[Board "5"]
[White "Jovanovic, Zoran"]
[Black "Johansson, Linus"]
[Result "1/2-1/2"]
[WhiteTitle "GM"]
[BlackTitle "IM"]
[WhiteElo "2519"]
[BlackElo "2461"]
[WhiteTeam "SK Kirchweyhe"]
[BlackTeam "FC Bayern Muenchen"]
[WhiteFideId "14505320"]
[BlackFideId "1711113"]
[EventDate "2022.10.22"]

1. e4 c5 2. Nc3 Nc6 3. Nge2 e5 4. Nd5 Nge7 5. Nec3 Nxd5 6. Nxd5 Be7 7. Bc4 O-O
8. O-O d6 9. d3 Bg5 10. f4 exf4 11. Bxf4 Bxf4 12. Nxf4 Qg5 13. Qc1 Bd7 14. Nd5
Qxc1 15. Raxc1 Rac8 16. Rf2 Be6 17. Rcf1 Rfe8 18. Ne3 Ne5 19. b3 Re7 20. a4 Bxc4
21. bxc4 Rc6 22. Ra1 Ra6 23. Kf1 f6 24. Ke2 Kf8 25. Rff1 Ke8 26. Kd2 Kd8 27. g4
Ng6 28. Nf5 Rf7 29. h4 Ne5 30. Ne3 h6 31. c3 Rc6 32. Kc2 Rcc7 33. Rf2 Rcd7 34.
Rg1 Kc7 35. Nd5+ Kc8 36. Kd2 Rd8 37. Ke2 Rdf8 38. Rff1 Kd7 39. Rb1 Kc8 40. Ne3
Kc7 41. Rb5 Rd7 42. d4 cxd4 43. cxd4 Nc6 44. Kd3 Kb8 45. h5 Nd8 46. Rgb1 Ne6 47.
Nd5 Re8 48. R5b2 Ng5 49. Re2 a6 50. a5 Ka7 51. Re3 Ne6 52. Rbe1 Kb8 53. Kc3 Nc7
54. Nb6 Rde7 55. d5 Ka7 56. Kd4 Re5 57. Rf1 Rg5 58. Rf4 Na8 59. Na4 b5 60. axb6+
Nxb6 61. Nxb6 Kxb6 62. Rb3+ Kc7 63. c5 dxc5+ 64. Kxc5 a5 65. Rb6 Ra8 66. Rf1 a4
67. Rfb1 a3 68. Rb7+ Kc8 69. Rf7 a2 70. Ra1 Ra4 71. Kb5 Ra3 72. Kb4 Ra6 73. Kb5
Ra3 1/2-1/2

[Event "Bundesliga 2022-23"]
[Site "Kirchweyhe GER"]
[Date "2023.02.26"]
[Round "9.4"]
[Board "6"]
[White "Fedorovsky, Michael"]
[Black "Kovacevic, Aleksandar"]
[Result "1/2-1/2"]
[WhiteTitle "IM"]
[BlackTitle "GM"]
[WhiteElo "2410"]
[BlackElo "2471"]
[WhiteTeam "FC Bayern Muenchen"]
[BlackTeam "SK Kirchweyhe"]
[WhiteFideId "14105454"]
[BlackFideId "903124"]
[EventDate "2022.10.22"]

1. d4 Nf6 2. c4 e6 3. Nc3 Bb4 4. Qc2 O-O 5. Nf3 c5 6. dxc5 Na6 7. g3 Nxc5 8. Bg2
b6 9. O-O Bb7 10. Nb5 Be4 11. Qd1 Nb7 12. Bf4 Rc8 13. Rc1 a6 14. Nd6 Bxd6 15.
Bxd6 Nxd6 16. Qxd6 Rc6 17. Qd4 Qa8 18. Rc3 d5 19. Rfc1 dxc4 20. Rxc4 Rxc4 21.
Qxc4 b5 22. Qc7 h6 23. Ne1 Bxg2 24. Nxg2 Rd8 25. Ne3 1/2-1/2

[Event "Bundesliga 2022-23"]
[Site "Kirchweyhe GER"]
[Date "2023.02.26"]
[Round "9.4"]
[Board "7"]
[White "Palac, Mladen"]
[Black "Lindgren, Philip"]
[Result "1/2-1/2"]
[WhiteTitle "GM"]
[BlackTitle "IM"]
[WhiteElo "2516"]
[BlackElo "2382"]
[WhiteTeam "SK Kirchweyhe"]
[BlackTeam "FC Bayern Muenchen"]
[WhiteFideId "14500116"]
[BlackFideId "1713230"]
[EventDate "2022.10.22"]

1. e4 c6 2. d4 d5 3. Nc3 dxe4 4. Nxe4 Nf6 5. Nxf6+ exf6 6. Be3 Bd6 7. Bd3 O-O 8.
Ne2 Re8 9. O-O Nd7 10. c4 Nf8 11. Qd2 Ng6 12. h3 Bd7 13. f4 f5 14. Rae1 Qh4 15.
Rf3 Re7 16. Ref1 Rae8 17. Kh2 Qf6 18. g3 h5 19. h4 Nf8 20. Nc3 b6 21. Re1 1/2-1/2

[Event "Bundesliga 2022-23"]
[Site "Muelheim GER"]
[Date "2023.02.26"]
[Round "9.5"]
[Board "1"]
[White "Van Foreest, Jorden"]
[Black "Bjerre, Jonas Buhl"]
[Result "1/2-1/2"]
[WhiteTitle "GM"]
[BlackTitle "GM"]
[WhiteElo "2694"]
[BlackElo "2612"]
[WhiteTeam "SG Solingen"]
[BlackTeam "SK Doppelbauer Turm Kiel"]
[WhiteFideId "1039784"]
[BlackFideId "1444948"]
[EventDate "2022.10.22"]

1. d4 Nf6 2. c4 e6 3. Nf3 d5 4. cxd5 exd5 5. Nc3 Nbd7 6. Bg5 Bb4 7. Qb3 c5 8.
dxc5 Qa5 9. a3 Bxc3+ 10. bxc3 Ne4 11. Qb4 Qxc5 12. Be3 Qd6 13. Rd1 Ndf6 14. Bd4
O-O 15. Qxd6 Nxd6 16. Bxf6 gxf6 17. Rxd5 Ne4 18. Rd3 Be6 19. Nd2 f5 20. h4 Rfc8
21. Rhh3 Rc5 22. g4 Nxd2 23. gxf5 Bxf5 24. Rhg3+ Kf8 25. Rxd2 Rac8 26. Rg5 h6
27. Rxf5 Rxf5 28. Bh3 Rfc5 29. Bxc8 Rxc8 30. Rd7 Rxc3 31. Rxb7 1/2-1/2

[Event "Bundesliga 2022-23"]
[Site "Muelheim GER"]
[Date "2023.02.26"]
[Round "9.5"]
[Board "2"]
[White "Yuffa, Daniil"]
[Black "Ragger, Markus"]
[Result "1/2-1/2"]
[WhiteTitle "GM"]
[BlackTitle "GM"]
[WhiteElo "2601"]
[BlackElo "2632"]
[WhiteTeam "SK Doppelbauer Turm Kiel"]
[BlackTeam "SG Solingen"]
[WhiteFideId "24131423"]
[BlackFideId "1610856"]
[EventDate "2022.10.22"]

1. d4 Nf6 2. c4 g6 3. Nc3 d5 4. cxd5 Nxd5 5. e4 Nxc3 6. bxc3 Bg7 7. Be3 c5 8.
Nf3 Qa5 9. Qd2 Nc6 10. Rb1 a6 11. Rc1 cxd4 12. cxd4 Qxd2+ 13. Kxd2 e6 14. Bd3
O-O 15. h4 h6 16. e5 Rd8 17. h5 g5 18. Nxg5 Nxd4 19. Bh7+ Kf8 20. Nxf7 Kxf7 21.
Rc7+ Kf8 22. Rd1 Nf5+ 23. Ke2 Rxd1 24. Bc5+ Ke8 25. Kxd1 Bd7 26. Bg6+ Kd8 27.
Bb6 Rc8 28. Rc6+ Ke7 29. Bc5+ Kd8 30. Bb6+ Ke7 31. Bc5+ Kd8 32. Bb6+ 1/2-1/2

[Event "Bundesliga 2022-23"]
[Site "Muelheim GER"]
[Date "2023.02.26"]
[Round "9.5"]
[Board "3"]
[White "L'Ami, Erwin"]
[Black "Meshkovs, Nikita"]
[Result "1-0"]
[WhiteTitle "GM"]
[BlackTitle "GM"]
[WhiteElo "2617"]
[BlackElo "2566"]
[WhiteTeam "SG Solingen"]
[BlackTeam "SK Doppelbauer Turm Kiel"]
[WhiteFideId "1007998"]
[BlackFideId "11602740"]
[EventDate "2022.10.22"]

1. d4 Nf6 2. c4 e6 3. Nf3 a6 4. Nc3 d5 5. c5 b6 6. cxb6 cxb6 7. Bf4 Bd6 8. e3
Nc6 9. Bd3 Bb7 10. O-O Qb8 11. Bg5 Ng4 12. h3 Nh2 13. Nxh2 Bxh2+ 14. Kh1 Bd6 15.
Qg4 h5 16. Qf3 f6 17. Bf4 Ne7 18. Rfd1 Kf7 19. Ne2 h4 20. Rac1 Bxf4 21. exf4 Qd6
22. f5 exf5 23. Bxf5 Nxf5 24. Qxf5 Rae8 25. Nf4 Re4 26. Ng6 Rhe8 27. Qh5 Kg8 28.
Nxh4 Bc8 29. Kg1 Bd7 30. Nf5 Bxf5 31. Qxf5 Re2 32. Rc8 Rxc8 33. Qxc8+ Kf7 34.
Kf1 Re8 35. Qf5 Qh2 36. Qxd5+ Kf8 37. g3 Qxh3+ 38. Kg1 Qg4 39. Rc1 Qe6 40. Qb7
Rd8 41. Rc7 b5 42. Rxg7 Rxd4 43. Rc7 Rd8 44. Rh7 Rd1+ 45. Kh2 1-0

[Event "Bundesliga 2022-23"]
[Site "Muelheim GER"]
[Date "2023.02.26"]
[Round "9.5"]
[Board "4"]
[White "Teclaf, Pawel"]
[Black "Warmerdam, Max"]
[Result "1/2-1/2"]
[WhiteTitle "IM"]
[BlackTitle "GM"]
[WhiteElo "2551"]
[BlackElo "2612"]
[WhiteTeam "SK Doppelbauer Turm Kiel"]
[BlackTeam "SG Solingen"]
[WhiteFideId "1185934"]
[BlackFideId "1048104"]
[EventDate "2022.10.22"]

1. c4 c6 2. e4 d5 3. exd5 Nf6 4. Nc3 cxd5 5. d4 Nc6 6. Nf3 a6 7. h3 h6 8. cxd5
Nxd5 9. Bd3 e6 10. O-O Be7 11. Re1 Ncb4 12. Bb1 Nf6 13. a3 Nbd5 14. Ne5 b5 15.
Nxd5 Qxd5 16. Ba2 Qb7 17. Bf4 O-O 18. Qd3 Rd8 19. Rac1 Bd6 20. Qg3 Bf8 21. Nc6
Re8 22. Bxh6 Bd7 23. Ne5 Rac8 24. Rxc8 Rxc8 25. Bg5 Ne4 26. Qf3 Bc6 27. Bf4 Bd5
28. Bxd5 exd5 29. Qd3 b4 30. axb4 Qxb4 31. Rb1 a5 32. Be3 1/2-1/2

[Event "Bundesliga 2022-23"]
[Site "Muelheim GER"]
[Date "2023.02.26"]
[Round "9.5"]
[Board "5"]
[White "Van Wely, Loek"]
[Black "Thybo, Jesper Sondergaard"]
[Result "1/2-1/2"]
[WhiteTitle "GM"]
[BlackTitle "GM"]
[WhiteElo "2629"]
[BlackElo "2498"]
[WhiteTeam "SG Solingen"]
[BlackTeam "SK Doppelbauer Turm Kiel"]
[WhiteFideId "1000268"]
[BlackFideId "1438832"]
[EventDate "2022.10.22"]

1. c4 c5 2. Nf3 Nf6 3. Nc3 e6 4. g3 d5 5. cxd5 exd5 6. d4 Nc6 7. Bg2 cxd4 8.
Nxd4 Bc5 9. Nb3 Bb6 10. Na4 O-O 11. Nxb6 axb6 12. Be3 h5 13. O-O h4 14. h3 hxg3
15. fxg3 Ne4 16. Bxe4 dxe4 17. Qxd8 Rxd8 18. g4 b5 19. Kf2 f5 20. Kg3 fxg4 21.
hxg4 Ne5 22. Rf4 Nc4 23. Bd4 Na5 24. Nxa5 Rxd4 25. Nb3 Rb4 26. Rd1 Be6 27. Rd4
Rxd4 28. Nxd4 Bxa2 29. Nxb5 Bc4 30. Nc3 b5 31. Rxe4 Rd8 32. Kf4 Rd2 33. b3 Bxb3
34. Nxb5 Bc2 35. Re5 Rd1 36. Ke3 Rg1 37. Nd4 Ba4 38. g5 Kh7 39. Ne6 Kg6 40. Nf4+
Kf7 41. Ra5 Bc2 42. Rc5 Bb1 43. Rb5 Bc2 44. Kf2 Rg4 45. Kf3 Rg1 46. e4 Re1 47.
Rf5+ Kg8 48. Re5 Rf1+ 49. Ke3 Re1+ 50. Kd4 Rd1+ 51. Kc3 Bb1 52. g6 Kf8 53. Re6
Rd7 54. e5 Rc7+ 55. Kd4 Rd7+ 56. Kc5 Rc7+ 57. Kd4 Rd7+ 58. Kc5 Rc7+ 59. Kd6 Rc4
60. Nd5 Bf5 61. Re7 Bxg6 62. e6 Be8 63. Ra7 Rc6+ 64. Ke5 Rc1 65. Ra8 Re1+ 66.
Kd6 Rc1 67. Ra2 Rd1 68. Ke5 Re1+ 69. Kd6 Rd1 70. Ra3 Rd2 71. Ra1 Kg8 72. Ra8 Kf8
73. Ke5 Re2+ 74. Kf5 Rf2+ 75. Ke5 Re2+ 76. Kd6 Rd2 77. Rc8 Rd1 78. Ke5 Re1+ 79.
Kf5 g6+ 80. Kf6 Rf1+ 81. Ke5 Re1+ 82. Kd6 Rd1 83. Ra8 Rd2 84. Ra7 Rd1 85. Rb7
Rd2 86. Rh7 Kg8 87. Rd7 Kf8 88. Rd8 Rd1 89. Ke5 Re1+ 90. Kd6 Rd1 91. Rb8 Rd2 92.
Kc5 Rd1 93. Ra8 Rd2 94. Ra7 Rc2+ 95. Kd6 Rd2 96. Rc7 Rd1 97. Rc8 Rd2 98. Rc5 Rd1
99. Ra5 Rd2 100. Ra1 Rd3 101. Ke5 Rd2 102. Rf1+ Kg7 103. Nc7 Re2+ 104. Kd6 Rd2+
105. Ke5 Re2+ 106. Kd4 Ba4 107. Ra1 Bb3 108. Kd3 Rxe6 109. Nxe6+ Bxe6 110. Ke4 1/2-1/2